[Event "VII Sunway Sitges Open 2020"]
[Site "Sitges"]
[Date "2020.12.19"]
[Round "6.26"]
[White "Lever, Erwan"]
[Black "Yu, Jennifer"]
[Result "1-0"]
[WhiteElo "2200"]
[BlackElo "2315"]
[Annotator "TA"]
[PlyCount "131"]
[EventDate "2020.12.13"]
[EventType "swiss"]
[EventCountry "ESP"]
[SourceTitle "playchess.com"]
[Source "ChessBase"]
[SourceQuality "1"]

{[%evp 9,131,0,43,13,22,4,2,-1,-1,-5,-14,-18,6,-27,28,6,0,8,23,14,56,59,43,29,54,49,112,95,108,94,173,184,241,210,248,212,281,160,165,122,104,117,105,87,76,69,76,68,91,52,54,59,56,43,48,49,80,49,85,96,91,80,89,0,93,95,98,45,41,21,34,-19,18,24,53,-134,-122,-123,23,0,0,0,0,0,0,0,208,203,624,612,603,603,584,545,350,180,6099,6099,6099,6099,6099,6099,6099,5314,5289,4660,29974,29976,29980,29981,29981,29982,29982,29983,29983,29984,29984,29985,29985,29986,29986,29985,29985,29986]} 1. d4 d5 2. c4 c6 3. Nf3 Nf6 4. Qc2 g6 5. Bf4 dxc4 6. Qxc4 {D11: Slav Defence: 3 Nf3 sidelines and 3...Nf6 4 e3 Bg4.} Be6 7. Qc2 Bf5 $1 {[%cal Rf5c2]} 8. Qb3 {The position is equal.} Qb6 9. Nbd2 {[%cal Bb1d2,Bd2b3,Bb3a5][%mdl 32]} Nbd7 10. e3 Bg7 {[#]} 11. h3 $146 ({Predecessor:} 11. Bc4 O-O 12. h3 Ne4 13. Rd1 Nd6 14. Bxd6 exd6 15. O-O d5 16. Bd3 Be6 17. Nb1 Qxb3 18. axb3 {½-½ (67) Istratescu,A (2561)-Zubov,A (2607) Abu Dhabi 2019}) 11... Ne4 (11... Qxb3 $142 12. Nxb3 Nd5) 12. Bc4 Qxb3 13. Nxb3 Nd6 14. Be2 h6 15. Na5 O-O-O 16. Rc1 Rhe8 17. O-O e5 ({Better is} 17... Kb8 $14) 18. Bh2 {Black must now prevent Nxc6!} Be4 19. Rfd1 Kc7 (19... Kb8 $16) 20. b4 $18 {[%cal Bb2b4,Bb4b5,Bb5c6][%mdl 32]} f6 (20... a6 {was necessary.} 21. Ne1 Nb8) 21. b5 Nb8 22. bxc6 b6 23. dxe5 (23. Nb3 $18) 23... fxe5 $16 24. Nc4 Nxc4 25. Rxd8 Rxd8 26. Rxc4 Bxf3 27. Bxf3 Rd6 28. Kf1 Nxc6 29. Be4 b5 30. Rc1 Kb6 31. Ke2 a5 32. f3 b4 33. Bg3 a4 34. Be1 Bf8 35. Rc4 Rf6 36. Kd3 (36. g4 $16) 36... Na5 (36... Rd6+ $11 {remains equal.} 37. Ke2 Re6) 37. Rc8 Bd6 38. Kc2 (38. Rg8 $16) 38... g5 $14 39. Rh8 Nc4 40. Kb1 ({White should play} 40. Kd3 $14 Kb5 41. Ke2) 40... Na3+ 41. Kc1 Nc4 42. Bd5 $2 {[#]} (42. Rc8 $14 {keeps the upper hand.} Na5 43. Kd1) 42... Nxe3 $17 43. Be4 Nc4 (43... Nxg2 $17 44. Bf2+ Bc5) 44. Bf2+ Bc5 45. Rb8+ Kc7 46. Rb7+ Kd6 47. Be1 Na5 $2 {White leaves nothing to chance now.} (47... Ne3 $11) 48. Rxb4 $18 a3 $2 {[#]} (48... Nc6 49. Rxa4 Kc7) 49. Ra4 $1 Nc6 50. Bxc6 Kxc6 {[%mdl 4096] Endgame KRB-KRB} 51. Ra6+ Bb6 52. Bf2 ({Less strong is} 52. Rxa3 Kd5 $16) (52. Ba5 $142 Kb5 53. Rxb6+ Rxb6 54. Bxb6 Kxb6 55. Kc2) 52... Kb5 $2 (52... Kd7) 53. Rxb6+ Rxb6 54. Bxb6 Kxb6 {KP-KP} 55. Kc2 Kc5 56. Kb3 Kd4 57. Kxa3 h5 58. Kb4 {White mates.} g4 59. hxg4 hxg4 {K3P-KPP} 60. a4 Ke3 61. a5 ({Inferior is} 61. fxg4 Kd3 $11) 61... Kf2 62. a6 ({Stronger than} 62. fxg4 e4 $11) 62... g3 63. a7 Kxg2 64. a8=Q Kf2 65. Qe4 g2 66. Qxe5 {Weighted Error Value: White=0.20/Black=0.45} 1-0

[Event "VII Sunway Sitges Open 2020"]
[Site "Sitges"]
[Date "2020.12.19"]
[Round "6.27"]
[White "Maloberti, David"]
[Black "Carbonell Sancho, Marc"]
[Result "0-1"]
[WhiteElo "2076"]
[BlackElo "2274"]
[Annotator "TA"]
[PlyCount "88"]
[EventDate "2020.12.13"]
[EventType "swiss"]
[EventCountry "ESP"]
[SourceTitle "playchess.com"]
[Source "ChessBase"]
[SourceQuality "1"]

{[%evp 14,88,15,11,10,25,17,17,54,27,29,0,42,8,46,38,47,48,67,0,65,50,88,80,80,77,76,44,89,80,74,27,58,-52,-40,-46,-76,-61,-67,-64,-68,-94,-88,-90,-92,-124,-87,-137,-110,-127,-95,-117,-111,-100,-102,-128,-87,-137,-125,-200,-147,-212,-191,-423,-407,-988,-955,-969,-948,-948,-345,-29993,-29992,-29994,-29995,-29996,-29997]} 1. d4 Nf6 2. c4 g6 3. Nc3 Bg7 4. e4 O-O 5. Nf3 c6 6. e5 Ne8 7. Be2 d6 8. Bf4 Nd7 {E70: King's Indian: Miscellaneous lines with 4 e4, including 5 Nge2 and 5 Bd3 0-0 6 Nge2.} 9. exd6 Nxd6 10. O-O Nf6 {The position is equal.} 11. Be5 Bg4 {[#]} 12. c5 $146 ({Predecessor:} 12. Qb3 Qc8 13. Rfe1 h6 14. h3 Bf5 15. Bf1 g5 16. Qa3 Qd7 17. d5 g4 18. hxg4 Bxg4 {1-0 (30) Shcherbakov,R (2495)-Sturma,M Bled 1992}) 12... Nde4 13. Qc2 Bxf3 14. Bxf3 Ng5 15. Be2 Nd5 16. Nxd5 (16. Bxg7 $14 Kxg7 17. Rad1) 16... Qxd5 ({Better is} 16... Bxe5 $11 17. Nxe7+ Qxe7 18. dxe5 Qxe5) 17. Bc4 $14 Qd7 18. Bxg7 Kxg7 19. Rad1 Ne6 20. Qe4 Rad8 {[%cal Re6d4]} 21. d5 cxd5 22. Rxd5 Qc7 23. Rfd1 (23. b4 $14) 23... Nxc5 $15 24. Qd4+ {[#]} e5 $1 {[%cal Re5d4][%mdl 512]} 25. Qe3 {Strongly threatening Rxd8.} (25. Qxe5+ Qxe5) 25... Rxd5 26. Rxd5 Nd7 27. Bb5 {[#] White is now going downhill.} Nf6 $1 {[%cal Rf6d5]} 28. Rc5 Qd6 29. h3 a6 30. Ba4 Nd5 31. Qc1 Nf4 {And now ...Ne2+ would win.} 32. Qe3 f6 33. Bb3 Rd8 $40 {[%mdl 128] Black wants a kill.} 34. Kh2 Qe7 35. Qc3 Rd7 36. Qc4 (36. Rc8 $17) 36... b5 37. Qg8+ Kh6 38. Rc8 $2 (38. Rc2 {was worth a try.}) 38... Rd2 $1 $19 {[%csl LRb2,LRf2] aiming for ...Qb7.} 39. Rf8 (39. Rc2 $142 Rxc2 40. Bxc2) 39... Rxf2 40. Rf7 Rxg2+ 41. Kh1 Qb4 $2 (41... Qd6 {( -> ...Rh2+!)} 42. Qf8+ Qxf8 43. Rxf8 f5) 42. Rxh7+ $2 (42. Qg7+ $19 Kh5 43. Bd1+ Re2 44. Bxe2+ Nxe2 45. Rxf6 Qe4+ 46. Kh2) 42... Kg5 {[%cal Rb4e1] Black mates.} 43. h4+ Kg4 {[%cal Rb4e1]} 44. Bd1+ Kg3 {Weighted Error Value: White=0.55/Black=0.26} 0-1

[Event "VII Sunway Sitges Open 2020"]
[Site "Sitges"]
[Date "2020.12.19"]
[Round "6.29"]
[White "Papadiamandis, Elliot"]
[Black "Cuenca Jimenez, Jose Fernando"]
[Result "1/2-1/2"]
[WhiteElo "2134"]
[BlackElo "2528"]
[Annotator "TA"]
[PlyCount "143"]
[EventDate "2020.12.13"]
[EventType "swiss"]
[EventCountry "ESP"]
[SourceTitle "playchess.com"]
[Source "ChessBase"]
[SourceQuality "1"]

{[%evp 14,143,23,26,27,33,31,26,37,10,15,12,0,13,0,-7,0,0,0,0,0,0,0,0,0,0,21,0,0,0,0,0,0,0,0,0,0,0,0,0,0,-48,-48,-48,-48,-48,-48,-48,-49,-49,-49,-49,-4,-7,-8,-14,-14,-14,-14,-25,-22,-36,-54,-36,-37,-102,-28,-94,-29,-44,0,-102,-28,-33,0,0,0,0,0,0,0,0,0,0,0,0,0,0,0,0,0,0,0,0,0,0,0,0,0,0,0,0,0,0,0,0,0,0,0,0,0,0,0,0,0,0,0,0,0,0,0,0,0,0,0,0,0,0,0,0,0,0]} 1. e4 c5 2. Nf3 Nc6 3. d4 cxd4 4. Nxd4 e5 5. Nb5 d6 6. N1c3 a6 7. Na3 Be6 8. Nc4 Rb8 $1 {[%mdl 4] is more profitable than 8...b5 at the moment. B32: Sicilian: Löwenthal and Kalashnikov Variations.} 9. a4 Nb4 10. Be2 Nf6 {White has an edge.} 11. Bg5 {[#]} (11. O-O {is interesting.} Be7 12. b3 O-O 13. Bb2 Rc8 14. Ne3) 11... d5 $146 ({Predecessor:} 11... h6 12. Bxf6 Qxf6 13. O-O Qd8 14. Nd5 Nxd5 15. exd5 Bf5 16. a5 Be7 17. Bd3 e4 {0-1 (39) Rasulov,V (2478)-Maghsoodloo,P (2676) Chess.com INT 2020}) 12. Nxd5 Nbxd5 13. exd5 Qxd5 14. Bxf6 gxf6 15. Qxd5 Bxd5 16. Ne3 Be6 17. Bd3 Bc5 18. Ke2 Bxe3 19. Kxe3 Ke7 20. g3 f5 21. c3 Rbd8 22. Be2 a5 23. Rhd1 Bb3 24. Rxd8 Rxd8 $11 {[%mdl 4096] Endgame KRB-KRB} 25. Bd3 Kf6 26. Ra3 Be6 27. Ra1 {[#]} f4+ $1 {[%mdl 512]} 28. gxf4 exf4+ 29. Ke2 Bg4+ 30. f3 Bxf3+ 31. Kxf3 {Strongly threatening Rd1.} Rxd3+ 32. Kxf4 $15 {KR-KR} Rh3 33. Rf1 {aiming for Kg4+.} Ke6 34. Re1+ Kd6 35. Rd1+ Kc6 36. Rd2 Rh4+ 37. Ke5 Rxa4 38. Rf2 $1 Rh4 39. Rf6+ (39. Kf6 $1 $15) 39... Kb5 (39... Kc5 $17) 40. Kd5 (40. Rxf7 $11 {keeps the balance.} b6 41. Rf2) 40... Rh5+ ({Black should play} 40... Rxh2 $17 {Hoping for ...Rd2+.} 41. c4+ Ka4) 41. Kd4 $1 $11 Rh4+ (41... Ka4 $15) 42. Kd5 $17 b6 (42... Rxh2 $17 {White must now prevent ...Rd2+.} 43. c4+ Ka4) 43. b3 $1 $11 Rxh2 44. c4+ {The position is equal.} Ka6 45. Rxf7 Rh5+ 46. Kd6 $1 Rc5 47. Rf8 $1 ({Reject} 47. Rxh7 a4 $17) 47... h6 48. Rg8 h5 49. Rh8 {[#]} a4 $1 {[%mdl 512]} 50. Ra8+ {[#]} (50. bxa4 Rxc4) 50... Kb7 $1 51. Rxa4 h4 52. Ra2 h3 53. Rh2 Rh5 54. b4 Rh4 55. c5 $1 Rh6+ 56. Kd7 Rh7+ 57. Kd6 b5 58. c6+ Kb6 59. c7 Kb7 60. Rc2 Kc8 61. Rh2 {Cut Off at move 61} Rd7+ 62. Kc6 Rxc7+ 63. Kxb5 Rc3 64. Kb6 Rg3 65. b5 Kb8 66. Kc6 Rg6+ 67. Kd5 Rh6 68. Ke4 Kb7 69. Kf4 Kb6 70. Kg4 Kxb5 71. Rxh3 Rxh3 72. Kxh3 {Weighted Error Value: White=0.06/Black=0.11} 1/2-1/2

[Event "VII Sunway Sitges Open 2020"]
[Site "Sitges"]
[Date "2020.12.19"]
[Round "6.30"]
[White "Siebrecht, Sebastian"]
[Black "Boixader Arbo, Xavier"]
[Result "1/2-1/2"]
[WhiteElo "2429"]
[BlackElo "2091"]
[Annotator "TA"]
[PlyCount "71"]
[EventDate "2020.12.13"]
[EventType "swiss"]
[EventCountry "ESP"]
[SourceTitle "playchess.com"]
[Source "ChessBase"]
[SourceQuality "1"]

{[%evp 10,71,48,44,38,11,-4,-34,37,-25,-20,-29,-23,-9,75,0,21,10,10,-50,-60,-244,-163,-182,-182,-170,-87,-83,-81,-87,-79,-78,-82,-97,-85,-75,-67,-100,-63,-62,0,0,20,20,22,23,13,11,18,0,0,0,0,0,9,9,9,9,9,9,9,9,9,0]} 1. d4 Nf6 2. c4 g6 3. Nc3 Bg7 4. e4 d6 5. Be2 O-O 6. Be3 Na6 {E73: King's Indian: Averbakh Variation without 6...c5.} 7. g4 c5 8. g5 {[#]} Nd7 (8... Ng4 $1 $15 {[%mdl 512]}) 9. d5 (9. h4 $14) 9... b5 10. cxb5 Nc7 $1 11. h4 {[#]} Rb8 $146 (11... a6 $11 {keeps the balance.}) ({Predecessor:} 11... a6 12. a4 axb5 13. axb5 Rxa1 14. Qxa1 Bb7 15. Qd1 Nb6 16. h5 e6 17. dxe6 Nxe6 {0-1 (30) Nikolaidis,I (2520)-Inarkiev,E (2602) Athens 2005}) 12. h5 (12. a4 $1 $16) 12... Bxc3+ 13. bxc3 {White wants to play c4.} Nxb5 14. Bxb5 (14. Rc1 $11) 14... Rxb5 $15 15. Qg4 $2 {[#]} ({Better is} 15. a4 $15 Rb8 16. f4) 15... Nf6 $1 {[%mdl 512]} 16. Qe2 (16. gxf6 Bxg4) 16... Qa5 17. Bd2 {[#] Strongly threatening c4.} Nxh5 (17... Qb6 $1 $19 {And now ...Rb1+ would win.} 18. f3 Nxh5) 18. c4 $17 Rb4 $1 19. a3 {[%mdl 64] [#] aiming for Qd1. Pin} Qa4 $1 20. Bxb4 cxb4 21. Nf3 Bg4 {...Nf4 is the strong threat.} 22. Qe3 Bxf3 23. Qxf3 bxa3 24. O-O Qxc4 ({Black should try} 24... a2 $1 $15) 25. Rxa3 $11 Qd4 (25... f6 {keeps more tension.} 26. gxf6 Nxf6 27. Qd3 Qc8 28. Qh3 Qxh3 29. Rxh3 Nxe4 30. Re3 Nd2) 26. Qe3 Qxe3 27. Rxe3 {[%mdl 4096] Endgame KRR-KRN} f6 28. gxf6 {The position is equal.} Nxf6 29. Ra1 Ng4 30. Re2 g5 31. Rxa7 Rf7 32. Rb2 Kg7 33. Rbb7 Kf6 34. f3 Ne5 35. Kg2 Ng6 36. Kg3 {White happily takes the draw.  Weighted Error Value: White=0.27/Black=0.22} 1/2-1/2

[Event "VII Sunway Sitges Open 2020"]
[Site "Sitges"]
[Date "2020.12.19"]
[Round "6.31"]
[White "Gayon, Benoit"]
[Black "Gutierrez Palomino, Albert"]
[Result "1-0"]
[WhiteElo "1891"]
[BlackElo "1984"]
[Annotator "TA"]
[PlyCount "69"]
[EventDate "2020.12.13"]
[EventType "swiss"]
[EventCountry "ESP"]
[SourceTitle "playchess.com"]
[Source "ChessBase"]
[SourceQuality "1"]

{[%evp 17,69,0,0,-40,-33,-22,-18,-38,-4,-37,18,-35,0,-133,-121,-137,20,-52,-59,-58,-53,-127,-117,-108,-103,-210,-216,-199,-100,-93,-87,-111,-112,-105,-88,-91,-66,-104,-114,-213,-175,-184,110,49,51,54,956,953,911,898,1045,985,858,843]} 1. e4 e6 2. d4 d5 3. e5 c5 4. c3 Qb6 5. Nf3 Nc6 6. a3 c4 7. Be2 Na5 8. Nbd2 Bd7 9. O-O Ne7 10. Nh4 {C02: French: Advance Variation.} g5 11. Nhf3 h6 {[#]} 12. Ne1 $146 {The position is equal.} ({Predecessor:} 12. h3 Ng6 13. g3 Bg7 14. Ne1 O-O 15. Bh5 Ne7 16. Ndf3 Nb3 17. Rb1 f5 18. exf6 Bxf6 {0-1 (46) Ikegami,O (2070)-Gaujens,A (2185) ICCF email 2010}) 12... O-O-O 13. Bh5 Ng6 (13... Be8 $15) 14. Qc2 (14. g3 $1 $11) 14... Be8 15. Rb1 (15. g3 $11 {remains equal.}) 15... Nf4 $17 16. Bd1 {[#]} Qc7 $2 (16... f6 $1 $17 {Hoping for ...Bg6.} 17. exf6 Bg6) 17. b4 (17. g3 $11 Ng6 18. Ng2) 17... cxb3 $1 $15 18. Nxb3 Ba4 $1 19. Qa2 {[#]} (19. Qb2 $15 Nxb3 20. Bxb3) 19... Nxb3 $1 $17 ({Of course not} 19... Qxc3 $6 20. Bd2 $11) 20. Bxb3 Bb5 {White must now prevent ...Ne2+.} 21. c4 (21. Bxf4 $17 {was worth a try.} Bxf1 22. Kxf1 gxf4 23. Qb2) 21... dxc4 $19 22. Bd1 Ba6 (22... Rxd4 $19 23. Bxf4 gxf4) 23. Bxf4 $17 gxf4 24. Nf3 Kb8 25. Be2 Rc8 26. Rfc1 Qc6 27. Nd2 {[%cal Re2c4]} c3 28. Bxa6 (28. Bf3 $17 {keeps fighting.} Qa4 29. Ne4) 28... Qxa6 $19 29. Ne4 Bxa3 $2 {[#]} ({Black should play} 29... Qd3 $19 30. Qc2 Qxc2 31. Rxc2 Bxa3 32. Rxc3 Rxc3 33. Nxc3 Rc8) 30. Nc5 $1 {[%mdl 512]} Rxc5 $14 (30... Bxc5 31. Qxa6) 31. dxc5 Bb2 $2 {[%mdl 8192] This move loses the game for Black.} (31... Rg8 $14 32. Rxc3 Qc6 {[%mdl 64] Double Attack}) 32. Qxa6 $18 {White is clearly winning.} bxa6 33. Rxc3 $1 Rd8 34. Rxb2+ Kc7 35. Kf1 {Weighted Error Value: White=0.52/Black=0.49} 1-0

[Event "VII Sunway Sitges Open 2020"]
[Site "Sitges"]
[Date "2020.12.20"]
[Round "7.1"]
[White "Santos Latasa, Jaime"]
[Black "Cheparinov, Ivan"]
[Result "1/2-1/2"]
[WhiteElo "2600"]
[BlackElo "2688"]
[Annotator "TA"]
[PlyCount "131"]
[EventDate "2020.12.13"]
[EventType "swiss"]
[EventCountry "ESP"]
[SourceTitle "playchess.com"]
[Source "ChessBase"]
[SourceQuality "1"]

{[%evp 24,131,37,33,27,26,33,37,27,30,67,31,48,22,35,23,27,25,25,30,38,24,34,45,50,57,43,41,54,14,7,10,58,51,64,16,38,40,39,47,41,41,41,41,56,51,64,52,59,39,43,37,29,37,37,38,56,54,58,55,56,58,70,70,70,70,70,69,70,69,70,70,70,70,75,70,70,70,70,6,7,0,70,0,69,0,76,23,23,24,24,27,43,44,37,56,95,8,8,8,8,8,8,8,8,8,12,0,12,0]} 1. e4 e5 2. Nf3 Nc6 3. Bb5 a6 4. Ba4 Nf6 5. O-O Nxe4 6. d4 b5 7. Bb3 d5 8. dxe5 Be6 9. Nbd2 Nc5 10. c3 d4 11. Bxe6 Nxe6 12. cxd4 Ncxd4 13. a4 Bb4 {The modern move. C80: Open Ruy Lopez: Sidelines and 9 Nbd2.} 14. axb5 Nxb5 ({Reject} 14... axb5 $6 15. Rxa8 Qxa8 16. Nxd4 $16) 15. Nc4 O-O {White is slightly better.} 16. Be3 {[#]} a5 $146 ({Predecessor:} 16... c5 17. Qb1 Nbd4 18. Qe4 f5 19. exf6 Qxf6 20. Nfe5 Qf5 21. Qxf5 Rxf5 22. g3 Nc2 {1-0 (64) Robson,N (2540)-Duliba,E (2538) ICCF email 2011}) 17. h3 h6 18. Qe2 c5 19. Rfd1 Nbd4 20. Bxd4 cxd4 21. Qe4 {[%cal Rf3d4]} Bc5 22. Ne1 Be7 23. Nd3 Nc5 24. Nxc5 Bxc5 25. Rac1 Qe7 26. Nd2 Rab8 27. Qd5 Bb4 28. Nf3 Rfd8 29. Qc4 Qe8 30. Rxd4 Rdc8 31. Qf1 Bf8 32. Rd2 Rxc1 33. Qxc1 Qb5 34. Qc7 Rb7 35. Qc8 {[#] Hoping for Rd8!} Rb8 36. Qf5 Qc4 37. Kh2 g6 38. Qf6 Bg7 39. Qd6 Re8 40. g3 $1 Qe4 41. Qd5 Qxd5 42. Rxd5 $14 {[%mdl 4096] Endgame KRB-KRN} Rb8 43. Rxa5 Rxb2 44. Kg2 Re2 45. Ra4 Rb2 46. h4 Rb5 47. Ra8+ Kh7 48. Re8 Ra5 49. Kf1 Rb5 50. Ke2 Ra5 51. Ke3 (51. e6 $14 fxe6 52. Rxe6) 51... Ra3+ $1 $11 52. Ke2 (52. Ke4 $11) 52... Ra5 $1 $14 53. Kf1 Rb5 $1 54. Kg2 Ra5 $1 55. g4 ({White should play} 55. e6 $16 {Black must now prevent e7.} fxe6 56. Rxe6) 55... Ra4 $11 56. g5 Re4 57. Kh3 Re2 58. gxh6 Bxh6 59. Kg3 Re4 60. Rd8 (60. Ng5+ $16 Bxg5 61. hxg5) 60... Bf4+ {The position is equal.} 61. Kg2 Kg7 62. Rd5 Kf8 63. Kf1 Kg7 64. Ra5 Kf8 65. Rd5 Kg7 66. Ra5 {Weighted Error Value: White=0.12/Black=0.05} 1/2-1/2

[Event "VII Sunway Sitges Open 2020"]
[Site "Sitges"]
[Date "2020.12.20"]
[Round "7.2"]
[White "Niemann, Hans Moke"]
[Black "Moussard, Jules"]
[Result "1/2-1/2"]
[WhiteElo "2472"]
[BlackElo "2626"]
[Annotator "TA"]
[PlyCount "113"]
[EventDate "2020.12.13"]
[EventType "swiss"]
[EventCountry "ESP"]
[SourceTitle "playchess.com"]
[Source "ChessBase"]
[SourceQuality "1"]

{[%evp 22,113,20,0,15,0,0,0,0,0,12,10,22,21,27,29,37,10,10,10,8,16,25,-2,0,0,0,-10,31,0,24,6,8,7,21,20,22,20,15,14,26,22,87,91,141,145,135,133,139,160,150,95,91,89,88,0,67,44,37,29,24,0,35,35,35,35,44,35,47,49,70,0,0,0,0,0,0,0,0,0,0,0,0,0,0,0,0,0,0,0,0,0,0,0]} 1. d4 Nf6 2. c4 g6 3. Nc3 d5 4. cxd5 Nxd5 5. e4 Nxc3 6. bxc3 Bg7 7. Be3 c5 8. Qd2 Qa5 9. Rc1 cxd4 10. cxd4 Qxd2+ 11. Kxd2 O-O 12. Bb5 Rd8 {D85: Exchange Grünfeld: Unusual White 7th moves and lines with 7 Nf3.} 13. Ne2 a6 {[#]} 14. Bc4 $146 ({Predecessor:} 14. Ba4 b5 15. Bb3 Bb7 16. Rc7 Bxe4 17. Rxe7 Bxg2 18. Rxf7 Bd5 19. Bxd5 Rxd5 20. Rc7 Nd7 21. Nc3 Rd6 22. Ne4 Rd5 23. Nc3 Rd6 24. Ne4 Rd5 {½-½ (24) Winants,L (2495)-Van Gaalen,B (2390) Gent 1994}) 14... e6 15. Rhd1 Nc6 16. Ke1 b5 17. d5 Na5 18. Bd3 {Black must now prevent Bb6.} Nb7 19. Bb6 Re8 20. Kf1 exd5 21. exd5 Be5 22. Ng3 Nd6 23. Bc7 Bb7 24. Ne2 g5 ({Wrong is} 24... Bxh2 $2 25. g3 $18) 25. h4 h6 26. hxg5 hxg5 27. g3 g4 28. Bxd6 Bxd6 29. Bf5 Rad8 30. Bxg4 Be5 31. Bf3 Re7 (31... Rc8 $11 {remains equal.}) 32. Nd4 $16 Bxd4 33. Rxd4 Red7 {[%cal Rb7d5]} 34. Rc5 Kf8 35. Ke2 Ke7 {[#]} 36. Ke3 (36. Rd3 $142 $1) 36... Kd6 37. Rc6+ Ke7 38. Rc5 Kd6 $1 {[%cal Rd6c5]} 39. Rc1 Re7+ 40. Kf4 Rc8 41. Rh1 {[#] Hoping for Rh6+.} Rc4 42. Rxc4 bxc4 $14 {[%mdl 4096] Endgame KRB-KRB} 43. Rh6+ Kc5 44. d6 Rd7 45. Bxb7 Rxb7 {KR-KR} 46. Ke5 (46. Ke3 $14) 46... Rb2 $11 {The position is equal.} 47. d7 Rd2 48. Rxa6 Rxd7 {And now ...c3 would win.} 49. Ra8 Re7+ 50. Kf6 Rc7 51. Rh8 Kb4 {...c3 is the strong threat.} 52. Rh1 Ka3 53. f4 Kxa2 54. f5 c3 55. g4 c2 56. g5 Kb2 57. Rh2 {Accuracy: White = 89%, Black = 88%.} 1/2-1/2

[Event "VII Sunway Sitges Open 2020"]
[Site "Sitges"]
[Date "2020.12.20"]
[Round "7.3"]
[White "Korobov, Anton"]
[Black "Lopez Martinez, Josep Manuel"]
[Result "1-0"]
[WhiteElo "2683"]
[BlackElo "2542"]
[Annotator "TA"]
[PlyCount "103"]
[EventDate "2020.12.13"]
[EventType "swiss"]
[EventCountry "ESP"]
[SourceTitle "playchess.com"]
[Source "ChessBase"]
[SourceQuality "1"]

{[%evp 13,103,11,26,25,47,45,47,47,47,45,47,41,61,38,40,49,40,30,60,60,60,47,65,20,69,68,90,98,114,67,67,67,67,59,59,44,59,59,59,59,59,39,61,6,7,0,8,0,0,-26,-26,-26,-26,-26,-18,-26,0,0,0,0,22,9,18,16,16,18,234,234,234,229,229,229,210,226,241,234,234,234,234,234,234,227,227,224,357,353,342,328,227,227,464,464]} 1. d4 d5 2. c4 e6 3. Nc3 Nf6 4. cxd5 exd5 5. Bg5 c6 6. e3 h6 7. Bh4 Bf5 8. Qf3 {D35: Queen's Gambit Declined: Exchange Variation.} Be6 9. Bxf6 Qxf6 10. Qxf6 {White is slightly better.} gxf6 11. Bd3 {[#]} Nd7 $146 ({Predecessor:} 11... Rg8 12. g3 Nd7 13. Nf3 Nb6 14. O-O Nc4 15. b3 Nd6 16. Nh4 Kd7 17. Rfc1 b5 {1-0 (35) Ree,H (2480)-Arnason,A Reykjavik 1984}) 12. Nge2 a5 13. f3 Bd6 14. Kf2 f5 15. Nf4 (15. Rhc1 {with more complications.} Ke7 16. Na4 Kd8 17. g3 Rg8 18. a3) 15... Bxf4 16. exf4 Ke7 17. g4 Kf6 18. h3 Nb6 19. Rae1 Nc8 20. Ne2 h5 {[%cal Rh5g4]} 21. g5+ Kg6 22. h4 Ne7 23. Ng3 Rhd8 24. Re5 Rd6 25. Rc1 a4 26. a3 Rdd8 27. Ke1 Rd6 28. Kd2 (28. Re2 $14) 28... b6 29. Rc3 Ra5 30. Re1 c5 31. Rec1 {[%cal Rd4c5]} c4 32. Bc2 Nc6 33. Ne2 b5 34. Re3 b4 35. axb4 Nxb4 36. Ra1 Rb6 37. Rxa4 Rxa4 38. Bxa4 Nd3 39. b3 cxb3 $2 {This costs Black the game.} (39... Ra6 $11) 40. Rxd3 $18 ({But not} 40. Kxd3 $6 b2 $16) 40... b2 41. Bc2 $1 {aiming for Nc3.} b1=Q 42. Bxb1 Rxb1 {[%mdl 4096] Endgame KRB-KRN} 43. Ke3 $1 Rf1 44. Rb3 Rh1 45. Kf2 $1 Rh2+ {[#]} 46. Kf1 $1 Rh1+ 47. Kg2 Re1 48. Kf2 Rh1 (48... Ra1 $142 49. Rb5 Ra3) 49. Rb6 Rh2+ {[#]} 50. Kf1 $1 Rh1+ 51. Kg2 Re1 $2 (51... Rd1 52. Kf2 Rd3) 52. Nc3 {Accuracy: White = 90%, Black = 76%.} 1-0

[Event "VII Sunway Sitges Open 2020"]
[Site "Sitges"]
[Date "2020.12.20"]
[Round "7.4"]
[White "Checa, Nicolas"]
[Black "Grigoryan, Karen H."]
[Result "1-0"]
[WhiteElo "2527"]
[BlackElo "2659"]
[Annotator "TA"]
[PlyCount "57"]
[EventDate "2020.12.13"]
[EventType "swiss"]
[EventCountry "ESP"]
[SourceTitle "playchess.com"]
[Source "ChessBase"]
[SourceQuality "1"]

{[%evp 9,57,8,44,56,40,40,35,39,41,51,65,62,61,19,15,25,23,27,20,16,19,14,14,18,135,106,106,98,181,179,195,227,275,270,281,277,429,418,412,420,516,512,504,511,546,531,544,541,505,330]} 1. d4 Nf6 2. c4 e6 3. Nf3 d5 4. Nc3 dxc4 5. e4 b5 6. e5 {D24: Queen's Gambit Accepted: 3 Nf3 Nf6 4 Nc3.} Nd5 7. Nxb5 Nb6 8. Be2 {White is slightly better.} Be7 9. Be3 {[#]} Qd7 $146 ({Predecessor:} 9... Nc6 10. a3 Rb8 11. Qc2 O-O 12. h4 h6 13. Rd1 Ba6 14. Nc3 Nd5 15. Bc1 Nxc3 16. bxc3 {½-½ (46) Sarana,A (2655)-Korobov,A (2679) Douglas 2019}) 10. Nc3 Nc6 11. a3 Bb7 12. Qc2 f5 13. exf6 gxf6 14. Na4 Na5 $1 15. Nc5 Bxc5 $1 16. dxc5 Nd5 (16... Qa4 $1 $11 17. Rc1 Qxc2 18. Rxc2 Be4) 17. Bd2 (17. Bxc4 Nxc4 18. Qxc4 Rg8 $11) 17... Nb3 {[%mdl 64] Double Attack} 18. Rd1 Nxd2 (18... Nxc5 $16 {is a better defense.} 19. Bxc4 (19. Qxc4 Na4 $16) 19... O-O-O) 19. Rxd2 $18 ({Don't do} 19. Nxd2 $6 c3 $16) 19... Rg8 20. g3 O-O-O 21. Qxc4 ({Weaker is} 21. Bxc4 Qc6 $16) 21... e5 22. O-O Rg4 {[#]} (22... e4 $142) 23. Nxe5 $1 {[%mdl 576] Double Attack} Rxc4 (23... fxe5 24. Bxg4) 24. Nxd7 Ra4 {[#]} 25. c6 $1 {White is clearly winning.} Bxc6 26. Nc5 Ra5 27. Rc1 Ne7 28. Ba6+ Rxa6 29. Rxd8+ {Accuracy: White = 94%, Black = 62%.} 1-0